A life, a cross, an empty tomb / (Record no. 7565)

MARC details
000 -LEADER
fixed length control field 00732cam a2200253 a 4500
001 - CONTROL NUMBER
control field 118643
003 - CONTROL NUMBER IDENTIFIER
control field GBCCL
005 - DATE AND TIME OF LATEST TRANSACTION
control field 20241126110631.0
008 - FIXED-LENGTH DATA ELEMENTS--GENERAL INFORMATION
fixed length control field 850502s1960 cauab b 000 0 eng d
035 ## - SYSTEM CONTROL NUMBER
System control number (OCoLC)ocm11992907
040 ## - CATALOGING SOURCE
Original cataloging agency MSB
Transcribing agency MSB
Modifying agency OCLCQ
-- LBB
049 ## -
-- LBBK
050 #4 -
-- BV4811
-- .V54 1960
082 ## - DEWEY DECIMAL CLASSIFICATION NUMBER
Classification number 242.2
Item number VIG
090 ## - LOCALLY ASSIGNED LC-TYPE CALL NUMBER (OCLC); LOCAL CALL NUMBER (RLIN)
Classification number (OCLC) (R) ; Classification number, CALL (RLIN) (NR) BV4811
Local cutter number (OCLC) ; Book number/undivided call number, CALL (RLIN) .V54 1960
092 ## - LOCALLY ASSIGNED DEWEY CALL NUMBER (OCLC)
Item number V682-l
100 1# - MAIN ENTRY--PERSONAL NAME
Personal name Vigeveno, H. S.
9 (RLIN) 13363
245 12 - TITLE STATEMENT
Title A life, a cross, an empty tomb /
Statement of responsibility, etc. by H.S. Vigeveno.
260 ## - PUBLICATION, DISTRIBUTION, ETC.
Place of publication, distribution, etc. Glendale, Calif. :
Name of publisher, distributor, etc. G/L Regal Books,
Date of publication, distribution, etc. [1960?]
300 ## - PHYSICAL DESCRIPTION
Extent 166 p. :
Other physical details ill., map ;
Dimensions 18 cm.
504 ## - BIBLIOGRAPHY, ETC. NOTE
Bibliography, etc. note Includes bibliographical references (p. 165-166).
650 #0 - SUBJECT ADDED ENTRY--TOPICAL TERM
Topical term or geographic name entry element Devotional calendars.
9 (RLIN) 1878
942 ## - ADDED ENTRY ELEMENTS (KOHA)
Source of classification or shelving scheme Dewey Decimal Classification
Koha item type Books
Holdings
Withdrawn status Lost status Source of classification or shelving scheme Damaged status Not for loan Home library Current Library Shelving location Date acquired Total checkouts Full call number Barcode Date last seen Copy number Price effective from Koha item type
    Dewey Decimal Classification     GRACE BIBLE COLLEGE GRACE BIBLE COLLEGE Ministry & Mission 2018-08-23   242.2 VIG 002873 2025-05-01 c.1 2018-08-23 Books
© Grace Bible College Library 2025